Monetarims (Registro nro. 26570)

Detalles MARC
000 -LEADER
fixed length control field 00301 a2200109 4500
001 - CONTROL NUMBER
control field ART_12677
005 - DATE AND TIME OF LATEST TRANSACTION
control field 20260410161908.0
008 - FIXED-LENGTH DATA ELEMENTS--GENERAL INFORMATION
fixed length control field 260409a
100 1# - MAIN ENTRY--PERSONAL NAME
Personal name Laidler, David E.W.
245 10 - TITLE STATEMENT
Title Monetarims
773 0# - HOST ITEM ENTRY
Title The Economic Journal
Related parts - Vol. 91, Nº 361 (mar. 1981)
Record control number REV12512

No hay ítems disponibles.